Loading...
| Philosophy | 0 | 7 | 1 | 0 | 65 | 115 | 129.86 | 1 | 1 | 0.00 | 0.00 |
| History - European | 0 | 3 | 1 | 2 | 25 | 135 | 145.67 | 0 | 0 | 0.00 | 0.00 |
| History - Other | 0 | 1 | 0 | 1 | 10 | 140 | 140.00 | 0 | 0 | 0.00 | 0.00 |
| Other Academic | 0 | 1 | 0 | 1 | 10 | 151 | 151.00 | 0 | 0 | 0.00 | 0.00 |
| Religion | 1 | 0 | 1 | 0 | 10 | 93 | 93.00 | 0 | 1 | 0.00 | 0.00 |
| Fine Arts - Other Arts | 0 | 1 | 1 | 1 | 5 | 149 | 149.00 | 0 | 0 | 0.00 | 0.00 |
| Literature - World | 0 | 1 | 1 | 0 | 5 | 123 | 123.00 | 0 | 0 | 0.00 | 0.00 |
| History - World | 0 | 1 | 2 | 0 | 0 | 149 | 149.00 | 0 | 1 | 0.00 | 0.00 |
| Literature - European | 0 | 0 | 1 | 0 | -5 | 0.00 | 0 | 0 | 0.00 | 0.00 | |
| History - American | 0 | 0 | 1 | 0 | -5 | 0.00 | 0 | 0 | 0.00 | 0.00 | |
| Social Science | 0 | 0 | 3 | 0 | -15 | 0.00 | 0 | 0 | 0.00 | 0.00 |